000
00342 a2200157 4500
001
75411
020
_a
0582451930
040
_c
Anchieta - Colégio São Paulo
100
_a
Levithan, David
240
1
0
_a
The Mummy
_l
por
245
1
0
_a
The Mummy
300
_a
40
362
0
_a
1999
650
4
_a
Literatura infantil em inglês
942
_c
BK
999
_c
75411
_d
75411